[Event "It (open)"]
[Site "masterchessopen.com Rewal (Poland)"]
[Date "2007.08.25"]
[Round "5"]
[White "Jensen Christine (DEN)"]
[Black "Majcher Marcin (POL)"]
[Result "0-1"]
[WhiteElo "2018"]
[BlackElo "2157"]

1.d4 d5 2.Nf3 Nf6 3.g3 g6 4.Bg2 Bg7 5.O-O O-O 6.c4 c6 7.Nbd2 Bf5 8.Re1 Nbd7
9.Nh4 Be6 10.cxd5 cxd5 11.Nb3 Qb6 12.Bf4 h6 13.Nf3 Ne4 14.Nfd2 Nd6 15.Bxd6
exd6 16.Nb1 a5 17.a4 Qb4 18.Nc3 Nb6 19.e4 dxe4 20.d5 Bf5 21.Bxe4 Rfe8 22.Qc2
Bxc3 23.bxc3 Bxe4 {#R} 0-1

[Event "Ch NATO"]
[Site "masterchessopen.com Ankara (Turkey)"]
[Round "7"]
[White "Nilsen Terje (NOR)"]
[Black "Soysal Ismail (TUR)"]
[Result "1-0"]
[WhiteElo "2015"]
[BlackElo "1563"]

1.d4 c6 2.Nf3 d5 3.g3 g6 4.Bg2 Bg7 5.O-O Nf6 6.Nbd2 O-O 7.c4 Ne4 8.e3 Nd7
9.Nxe4 dxe4 10.Ng5 Nf6 11.Nxe4 Nxe4 12.Bxe4 Bh3 13.Re1 h5 14.b3 Rb8 15.Qd2 c5
16.Bb2 e6 17.Rad1 cxd4 18.Bxd4 Bxd4 19.Qxd4 Qa5 20.Qd2 Qg5 21.Bg2 Bxg2 22.Kxg2
Rfd8 23.Qe2 Qa5 24.Rd4 Rxd4 25.exd4 Rd8 26.Rd1 Rd7 27.Rd2 Kg7 28.Qe3 Qc7 29.f3
Qa5 30.Kf2 Qf5 31.Kg2 Qa5 32.f4 Qb6 33.Qc3 Qd8 34.b4 b6 35.a4 Qf6 36.Qe3 Qe7
37.c5 Rd5 38.Qc3 f6 39.c6 Qc7 40.b5 Kf7 41.Qe3 a5 42.Re2 Qc8 43.Rc2 Qc7 44.f5
Rxf5 45.Qh6 Ke7 46.Qg7+ Kd6 47.Qf8+ Kd5 48.Qe8 Kd6 49.Re2 Qe7 50.Qb8+ Kd5
51.c7 Qa3 52.Qb7+ {#r} 1-0

[Event "It \"]
[Site "masterchessopen.com Seefeld (Austria)"]
[Date "2007.09.05"]
[Round "5"]
[White "Georgiev Georgi (BUL)"]
[Black "Schwammberger Eugen (SUI)"]
[Result "1-0"]
[WhiteElo "2155"]
[BlackElo "2066"]

1.d4 d5 2.Nf3 Nf6 3.c4 c6 4.Nbd2 g6 5.g3 Bg7 6.Bg2 O-O 7.O-O Nbd7 8.b3 Ne4
9.Nxe4 dxe4 10.Ng5 Nc5 11.Be3 Ne6 12.Nxe6 Bxe6 13.Bxe4 c5 14.dxc5 Bh3 15.Bxb7
Bxf1 16.Qxd8 Raxd8 17.Rxf1 Rb8 18.c6 {#r} 1-0

[Event "It \"]
[Site "masterchessopen.com Seefeld (Austria)"]
[Date "2007.09.06"]
[Round "6"]
[White "Jandke Manfred (GER)"]
[Black "Buchaeckert Juergen (GER)"]
[Result "1-0"]
[WhiteElo "2191"]
[BlackElo "1964"]

1.Nf3 Nf6 2.d4 g6 3.g3 Bg7 4.Bg2 c6 5.O-O O-O 6.c4 d5 7.Nbd2 Ne4 8.Qb3 Nxd2
9.Bxd2 dxc4 10.Qxc4 Be6 11.Qd3 Na6 12.Bc3 Nc7 13.Rfd1 Nd5 14.Be1 Qb6 15.Ng5
Bc8 16.e4 Nf6 17.Bc3 h6 18.Nf3 Bg4 19.Rd2 Rad8 20.Ne5 Be6 21.h3 Nd7 22.Nf3 Ne5
23.Nxe5 Bxe5 24.Qe3 Bg7 25.a4 a5 26.g4 Kh7 27.Bf1 Qc7 28.Rad1 Bb3 29.Bxa5 Qxa5
30.Qxb3 Qa7 31.d5 cxd5 32.Rxd5 Rxd5 33.Rxd5 Bd4 34.Qc2 e6 35.Rd7 Kg8 36.Kg2
Bb6 37.b4 Rd8 38.Rxd8+ Bxd8 39.Qc8 Qb6 40.a5 Qd6 41.Qxb7 Bc7 42.a6 Qh2+ 43.Kf3
Qf4+ 44.Ke2 Qc1 45.a7 Bf4 46.a8=Q+ Kg7 47.Qa2 {#r} 1-0

[Event "Tournament (open)"]
[Site "masterchessopen.com Nichelino (Italy)"]
[Date "2007.10.04"]
[Round "1"]
[White "Malano Francesco (ITA)"]
[Black "Demagistri Gigi (ITA)"]
[Result "1-0"]
[WhiteElo "1967"]
[BlackElo "1828"]

1.Nf3 Nf6 2.g3 d5 3.c4 c6 4.Bg2 g6 5.d4 Bg7 6.O-O O-O 7.Nbd2 dxc4 8.Nxc4 Bf5
9.Qb3 Qc8 10.Bg5 Be6 11.Qc2 h6 12.Bf4 Bh3 13.Nce5 Nd5 14.Bd2 Bxg2 15.Kxg2 Nd7
16.e4 Nxe5 17.Nxe5 Nc7 18.f4 Kh7 19.f5 Bxe5 20.dxe5 Rg8 21.Qc5 Qd7 22.Qe3 g5
23.Rad1 Qe8 24.h4 f6 25.hxg5 Rxg5 26.Qf3 Qg8 27.Bxg5 fxg5 28.Rd7 Ne6 29.Rxe7+
Kh8 30.Rh1 Qf8 31.Rxe6 Kg7 32.Qh5 {#r} 1-0

[Event "Ch Region"]
[Site "masterchessopen.com Lipetsk (Russia)"]
[Date "2007.11.19"]
[Round "3"]
[White "Smolyaninov Sergej (RUS)"]
[Black "Volobuev Sergey (RUS)"]
[Result "1-0"]
[WhiteElo "1991"]
[BlackElo "1805"]

1.Nf3 g6 2.g3 Bg7 3.Bg2 Nf6 4.O-O O-O 5.d4 d5 6.c4 c6 7.Nbd2 Bd7 8.b3 Qc8
9.Bb2 Bh3 10.Re1 Bxg2 11.Kxg2 Rd8 12.Qc2 Nbd7 13.e4 dxe4 14.Nxe4 Nxe4 15.Qxe4
e6 16.Rad1 Nf6 17.Qe2 Qc7 18.Ne5 Nd7 19.Nxf7 Kxf7 20.Qxe6+ Kf8 21.Ba3+ {#r}
1-0

[Event "Extraliga 2007/08 (juniors)"]
[Site "masterchessopen.com Czech Republic"]
[Date "2007.12.01"]
[Round "4"]
[White "Moravec Vit"]
[Black "Stransky Vojtech"]
[Result "0-1"]
[WhiteElo "1965"]
[BlackElo "1743"]

1.d4 d5 2.g3 Nf6 3.Bg2 g6 4.Nf3 Bg7 5.O-O c6 6.Nbd2 O-O 7.c4 Re8 8.b3 Qb6
9.Bb2 Be6 10.Ng5 Bf5 11.c5 Qc7 12.f3 h6 13.Nh3 Bxh3 14.Bxh3 Nbd7 15.f4 e6
16.Nf3 b6 17.b4 Reb8 18.Rb1 a5 19.a3 axb4 20.axb4 Ne4 21.e3 bxc5 22.bxc5 Ndxc5
23.Ne5 Nd7 24.Nxd7 Qxd7 25.Bg2 f5 26.Bxe4 fxe4 27.Ba1 Qa7 28.Rxb8+ Qxb8 29.Qc2
Qb5 30.Rb1 Qd3 31.Qxd3 exd3 32.Bb2 Rb8 33.Kf1 Bf8 34.Ke1 Ba3 35.Bxa3 Rxb1+
{#R} 0-1

[Event "Cup Pichay (open)"]
[Site "masterchessopen.com Manila (Philippines)"]
[Date "2007.12.04"]
[Round "6"]
[White "Pialan Fernandito (PHI)"]
[Black "Fernandez Romero Ernesto (ESP)"]
[Result "0-1"]
[WhiteElo "2283"]
[BlackElo "2459"]

1.Nf3 Nf6 2.c4 c6 3.g3 g6 4.Bg2 Bg7 5.O-O O-O 6.d4 d5 7.Nbd2 e6 8.b3 Nbd7
9.Bb2 b6 10.Rc1 Bb7 11.c5 bxc5 12.dxc5 a5 13.Ne5 Re8 14.Nxd7 Nxd7 15.Bxg7 Kxg7
16.Re1 Ba6 17.Qc2 Qf6 18.Nf3 Rab8 19.Qd2 a4 20.Qa5 Ra8 21.Qc7 Nb8 22.e4 axb3
23.axb3 Bb5 24.exd5 Na6 25.Qf4 Qxf4 26.gxf4 exd5 27.Rxe8 Rxe8 28.Nd4 Rb8
29.Bf1 Bxf1 30.Kxf1 Nb4 31.Ra1 Nd3 32.Ra5 Nxf4 33.Ra6 Rb4 34.Ra4 Nd3 35.Ke2
Rxa4 36.bxa4 Nxc5 37.a5 Na6 38.Nxc6 Kf6 39.Kd3 Ke6 40.Kd4 f6 41.Nd8+ Kd6
42.Nb7+ Kc6 43.Nd8+ Kc7 44.Ne6+ Kd6 45.Nf8 Nb8 46.Nxh7 Nc6+ 47.Kc3 Ke7 48.a6
Kf7 49.Kb3 Kg7 50.Ka4 d4 51.Nf8 Kxf8 52.Kb5 Na7+ 53.Kc4 Ke7 54.Kxd4 Kd6 55.Ke4
Nc6 56.h4 Ke6 {#R} 0-1

[Event "Ch Commonwealth"]
[Site "masterchessopen.com New Delhi (India)"]
[Date "2007.12.05"]
[Round "5"]
[White "Vidit Santosh Gujrathi (IND)"]
[Black "Gupta Abhijeet (IND)"]
[Result "0-1"]
[WhiteElo "2315"]
[BlackElo "2470"]

1.d4 Nf6 2.Nf3 g6 3.g3 Bg7 4.Bg2 O-O 5.O-O d5 6.Nbd2 c6 7.c4 a5 8.b3 a4 9.Ba3
Nbd7 10.Qc1 Re8 11.Bb2 Qa5 12.Bc3 Qa6 13.Rd1 b6 14.Qc2 Bb7 15.e4 dxe4 16.Nxe4
Nxe4 17.Qxe4 b5 18.Ne5 Nxe5 19.dxe5 b4 20.Bd4 Red8 21.Qe3 e6 22.f4 Bf8 23.Bb6
Rxd1+ 24.Rxd1 c5 25.Bxb7 Qxb7 26.Rd8 Rxd8 27.Bxd8 Qd7 28.Bb6 Qd1+ 29.Kg2 Qc2+
30.Qf2 axb3 31.axb3 Qxb3 32.Bxc5 Qxc4 33.Bxf8 Kxf8 34.Qb6 Kg7 35.Kh3 Qf1+
36.Kh4 Qg2 37.h3 Qe2 {#R} 0-1

[Event "Ch Ukraine (juniors) (under 20) (g) (1/2 final)"]
[Site "masterchessopen.com Lvov (Ukraine)"]
[Date "2007.12.09"]
[Round "8"]
[White "Kornienko Olga (UKR)"]
[Black "Shepeleva Sofia (UKR)"]
[Result "0-1"]
[WhiteElo "1941"]
[BlackElo "1916"]

1.Nf3 d5 2.c4 Nf6 3.g3 g6 4.Bg2 Bg7 5.d4 O-O 6.Nbd2 c6 7.O-O Nbd7 8.b3 b6
9.Bb2 Bb7 10.Qc2 Rc8 11.e4 dxe4 12.Nxe4 Nxe4 13.Qxe4 Nf6 14.Qc2 Qc7 15.Rad1 e6
16.a4 Rfd8 17.Rfe1 c5 18.dxc5 Qxc5 19.Rxd8+ Rxd8 20.Rd1 Rc8 21.Bd4 Qe7 22.Be5
Be4 23.Qd2 Qb7 24.Qc3 Ne8 25.Bxg7 Nxg7 26.Qf6 Nf5 27.Ne1 Bxg2 28.Nxg2 Qe7
29.Qxe7 Nxe7 30.Rd7 Nc6 31.Ne3 h5 32.h4 Kf8 33.Nc2 Ke8 34.Rd2 Na5 35.Rd3 Rd8
36.Rxd8+ Kxd8 37.Nd4 e5 38.Nf3 Nxb3 39.Nxe5 Ke8 40.Kf1 Nc5 41.Ke2 Nxa4 42.Kd3
Nc5+ 43.Kd4 a5 44.Nc6 a4 45.Nb4 Kd7 46.f3 Kd6 47.Nc2 Nb3+ 48.Kc3 Kc5 49.f4 Na5
50.Na3 Nc6 51.Nb5 Ne7 52.Nd4 Nf5 53.Ne2 Ne3 {#R} 0-1

[Event "Ch Chess Club"]
[Site "masterchessopen.com Tula (Russia)"]
[Date "2007.12.19"]
[Round "4"]
[White "Sviridov Vladislav (RUS)"]
[Black "Khanov Vjacheslav (RUS)"]
[Result "1-0"]
[WhiteElo "2162"]
[BlackElo "2168"]

1.d4 Nf6 2.Nf3 g6 3.g3 Bg7 4.Bg2 O-O 5.c4 c6 6.O-O d5 7.Nbd2 dxc4 8.Nxc4 Be6
9.Nce5 Bd5 10.Bf4 Nbd7 11.Re1 Be4 12.Qd2 Nxe5 13.Bxe5 Qd7 14.Rac1 Rad8 15.Red1
Bd5 16.b3 Ne4 17.Qc2 Bh6 18.Ra1 f6 19.Bf4 Bxf4 20.gxf4 Qg4 21.Qc1 g5 22.h3
Qxf4 23.Qxf4 gxf4 24.Rac1 Kf7 25.Ne1 Rg8 26.Kf1 Ng5 27.Bxd5+ Rxd5 28.h4 Ne6
29.Nf3 Ng7 30.Rc5 Rgd8 31.Rxd5 Rxd5 32.e4 fxe3 33.fxe3 Nf5 34.Kf2 Nd6 35.Kg3
c5 36.Rc1 cxd4 37.Nxd4 e5 38.Rc7+ Kg6 39.Nf3 Ra5 40.a4 b5 41.Nxe5+ fxe5 42.Rc6
bxa4 43.Rxd6+ Kf5 44.bxa4 Rxa4 45.Rh6 Rg4+ {#r} 1-0

[Event "Ch Germany (juniors) (club) (under 20)"]
[Site "masterchessopen.com Kelheim (Germany)"]
[Date "2007.12.29"]
[Round "6"]
[White "Seiler Sascha (GER)"]
[Black "Suess Stefan (GER)"]
[Result "1-0"]
[WhiteElo "2035"]
[BlackElo "1805"]

1.Nf3 Nf6 2.d4 d5 3.c4 g6 4.g3 Bg7 5.Bg2 O-O 6.O-O c6 7.Nbd2 Bg4 8.Ne5 Be6
9.cxd5 cxd5 10.Qb3 Nc6 11.Nxc6 bxc6 12.Qa3 Qd6 13.Qa5 Rfb8 14.Nb3 Rb5 15.Bf4
Qd8 16.Qxd8+ Rxd8 17.Rfc1 Bd7 18.Rc5 Rxc5 19.Nxc5 Be8 20.Bc7 Rc8 21.Be5 Nd7
22.Bxg7 Kxg7 23.Nd3 e6 24.Rc1 Kf6 25.Kf1 e5 26.dxe5+ Nxe5 27.Bxd5 Rb8 28.Bb3
Nxd3 29.exd3 Bd7 30.Rc2 Re8 31.Re2 Rd8 32.Re3 Bf5 33.Ke2 Rd4 34.Kd2 c5 35.Kc3
Be6 36.f4 Bf5 37.Bc4 Rd8 38.Re5 Rc8 39.a4 h5 40.h4 Rc7 41.a5 Rc8 42.b3 Rc7
43.Bd5 Bh3 44.Kc4 Bf1 45.Be4 Bh3 46.Rxc5 Be6+ 47.Bd5 Bxd5+ 48.Kxd5 Re7 49.Kd4
Re2 50.Re5 Rg2 51.Re3 Rc2 52.Kd5 Kf5 53.b4 f6 54.d4 g5 55.fxg5 fxg5 56.hxg5
Kxg5 57.Ke6 {#r} 1-0

[Event "It (open)"]
[Site "masterchessopen.com Schwabisch Gmund (Germany)"]
[Date "2008.01.04"]
[Round "6"]
[White "Pribyl Josef (CZE)"]
[Black "Garbe Ralf (GER)"]
[Result "1-0"]
[WhiteElo "2343"]
[BlackElo "2191"]

1.d4 Nf6 2.g3 d5 3.Bg2 g6 4.Nf3 Bg7 5.O-O O-O 6.c4 c6 7.Nbd2 Nbd7 8.b3 dxc4
9.Nxc4 Ne4 10.Bb2 Ndf6 11.Nfe5 Be6 12.Qc2 Nd6 13.e4 Nxc4 14.bxc4 Qa5 15.d5
cxd5 16.cxd5 Bc8 17.Rfc1 Ne8 18.a4 f6 19.Nc4 Qd8 20.f4 Rb8 21.a5 Bd7 22.Bd4 b5
23.axb6 axb6 24.Qb3 b5 25.Na5 Kh8 26.Nc6 Bxc6 27.Rxc6 Nd6 28.Ra7 Re8 29.Rcc7
Nc4 30.Rd7 Qc8 31.Rxe7 Rxe7 32.Rxe7 Qg4 33.Bf3 Nd2 34.Bxg4 Nxb3 35.Ba7 Ra8
36.Kg2 Nd2 37.e5 fxe5 38.fxe5 Nc4 39.e6 h5 40.Be2 Nd6 41.Rd7 b4 42.Bc5 Nf5
43.e7 Bf6 44.Bxb4 Kg8 45.d6 Kf7 46.Bc4+ Ke8 {#r} 1-0

[Event "Ch Lithuania (juniors) (under 20)"]
[Site "masterchessopen.com Vilnius (Lithuania)"]
[Date "2008.02.01"]
[Round "8"]
[White "Poderis Justinas (LTU)"]
[Black "Prigodinas Ruslanas (LTU)"]
[Result "1-0"]
[WhiteElo "1963"]
[BlackElo "1708"]

1.g3 Nf6 2.Bg2 g6 3.d4 d5 4.Nf3 Bg7 5.O-O O-O 6.c4 c6 7.Nbd2 Nbd7 8.b3 dxc4
9.bxc4 e5 10.e3 exd4 11.exd4 Nb6 12.Qb3 Qc7 13.Bb2 Be6 14.Rac1 Qd7 15.Ne5 Qd8
16.Rfd1 Ng4 17.a4 Nxe5 18.dxe5 Qc7 19.Ba3 c5 20.f4 f5 21.a5 Nd7 22.a6 bxa6
23.Bxa8 Rxa8 24.Nf1 Nb6 25.Ne3 Rb8 26.Rb1 Rc8 27.Bc1 Bf8 28.Qa2 a5 29.Bd2 a4
30.Ba5 Qc6 31.Bxb6 axb6 32.Nd5 Rb8 33.Rb5 Bxd5 34.Rxd5 Ra8 35.Rb1 a3 36.Rb3
Ra4 37.Rxa3 Rxa3 38.Qxa3 b5 39.Qd3 b4 40.Rd7 b3 41.Qd5+ Qxd5 42.Rxd5 Kf7
43.Rd7+ Be7 44.Rb7 h6 45.Rxb3 g5 46.Rb6 gxf4 47.gxf4 {#r} 1-0

[Event "It (open)"]
[Site "masterchessopen.com Bizovac (Croatia)"]
[Date "2008.02.21"]
[Round "1"]
[White "Hutinovic Halim (BIH)"]
[Black "Stevic Hrvoje (CRO)"]
[Result "0-1"]
[WhiteElo "2017"]
[BlackElo "2588"]

1.d4 Nf6 2.Nf3 g6 3.g3 Bg7 4.Bg2 O-O 5.O-O d5 6.Nbd2 c6 7.c4 dxc4 8.Nxc4 Be6
9.b3 Bd5 10.Bb2 Nbd7 11.Rc1 a5 12.Nfe5 Bxg2 13.Kxg2 Nxe5 14.dxe5 Nd5 15.e4 Nb4
16.f4 Nxa2 17.Ra1 Nb4 18.Bc3 Qxd1 19.Rfxd1 b5 20.Nxa5 Nc2 21.Nxc6 Rxa1
22.Nxe7+ Kh8 23.Rxa1 Nxa1 24.Bxa1 Ra8 25.Bd4 Ra2+ 26.Kf3 Rxh2 27.f5 Rd2 28.Nc6
Kg8 29.f6 Bh6 30.b4 Kf8 31.Bc5+ Ke8 32.Na7 Bf8 33.Nxb5 Bxc5 34.bxc5 Kd7 35.Ke3
Rd1 36.Nd4 Rc1 37.c6+ Ke8 38.g4 h6 39.Kd3 h5 40.gxh5 gxh5 41.e6 fxe6 42.c7
Rxc7 43.Nxe6 Rd7+ 44.Ke3 Kf7 45.Nf4 h4 46.e5 Rd1 47.Ke4 Rf1 48.Nh3 Kg6 49.Nf4+
Kg5 50.Nh3+ Kg4 51.Kd5 Kxh3 52.e6 Rf5+ {#R} 0-1

[Event "Bayern Regionalliga Southwest 2007/08"]
[Site "masterchessopen.com Bayern (Germany)"]
[Date "2008.03.09"]
[Round "7"]
[White "Schechter Dmitriy (GER)"]
[Black "Gruenke Paul (GER)"]
[Result "1-0"]
[WhiteElo "2161"]
[BlackElo "2107"]

1.d4 Nf6 2.Nf3 g6 3.g3 Bg7 4.Bg2 O-O 5.O-O d5 6.c4 c6 7.Nbd2 Na6 8.b3 Re8
9.Bb2 Nc7 10.Ne5 Nd7 11.Re1 Nxe5 12.dxe5 Bg4 13.h3 Be6 14.cxd5 cxd5 15.e4 Qd7
16.exd5 Nxd5 17.Ne4 Rac8 18.Qd2 Red8 19.Kh2 Qb5 20.Bf1 Qb6 21.Bd4 Qb4 22.Red1
Qxd2 23.Rxd2 Nb4 24.Rad1 Nxa2 25.Bxa7 Rxd2 26.Rxd2 Nb4 27.Nc5 Bxe5 28.Nxe6
fxe6 29.Bc4 Nd5 30.Re2 b5 31.Bxb5 Ra8 32.Rxe5 Rxa7 33.Rxe6 Kf7 34.Re5 Nc7
35.Bc4+ Kf6 36.Re2 e5 37.Rd2 Ne8 38.Kg2 Rc7 39.g4 Ng7 40.Kf3 h5 41.Rd6+ Kg5
42.Ke4 hxg4 43.hxg4 Ne8 44.Ra6 Nf6+ 45.Kxe5 Nxg4+ 46.Kd6 Rc8 47.f3 Nh6 48.Ke5
Rc5+ 49.Kd4 Rf5 50.Bd5 Rf8 51.Be4 Nf5+ 52.Kc5 Nh4 53.b4 Nxf3 54.Rxg6+ Kh5
55.Rd6 Ng5 56.Bd5 Nh7 57.b5 Rb8 58.b6 Kg5 59.b7 Nf6 60.Bc6 {#r} 1-0

[Event "Tournament (open)"]
[Site "masterchessopen.com Belem (Brazil)"]
[Date "2008.03.21"]
[Round "3"]
[White "Lima Newton Celio Goncal"]
[Black "Ferreira Jose Carlos (BRA)"]
[Result "1-0"]
[WhiteElo "1857"]
[BlackElo "2015"]

1.d4 Nf6 2.Nf3 g6 3.g3 Bg7 4.Bg2 d5 5.O-O O-O 6.Nbd2 c6 7.c4 Nbd7 8.b3 Re8
9.Bb2 e6 10.Re1 Ne4 11.Nxe4 dxe4 12.Nd2 f5 13.e3 c5 14.Qc2 cxd4 15.Bxd4 e5
16.Bb2 Nc5 17.Red1 Nd3 18.Nxe4 fxe4 19.Bxe4 Nxb2 20.Rxd8 Rxd8 21.Qxb2 Bf5
22.Bxf5 e4 23.Be6+ Kf8 24.Qc1 {#r} 1-0

[Event "It (open)"]
[Site "masterchessopen.com La Roda (Spain)"]
[Date "2008.03.22"]
[Round "6"]
[White "Herraiz Hidalgo Herminio (ESP)"]
[Black "Espinosa Aranda Angel (ESP)"]
[Result "1-0"]
[WhiteElo "2513"]
[BlackElo "2316"]

1.d4 d5 2.c4 c6 3.Nf3 Nf6 4.Nbd2 g6 5.g3 Bg7 6.Bg2 O-O 7.O-O Nbd7 8.e3 Qc7
9.Qc2 Qb8 10.e4 dxe4 11.Nxe4 Nxe4 12.Qxe4 e5 13.Re1 f6 14.c5 Qc7 15.Qc2 exd4
16.Nxd4 Ne5 17.f4 Nf7 18.f5 Ne5 19.fxg6 hxg6 20.Bf4 Qf7 21.Bxe5 fxe5 22.Rf1
Qe8 23.Rxf8+ Bxf8 24.Re1 Qf7 25.Rf1 Qe8 26.Qc4+ Kg7 27.Nf3 Qe6 28.Qc1 Be7
29.Ng5 Bxg5 30.Qxg5 Bd7 31.Be4 Rf8 32.Rxf8 Kxf8 33.Qxg6 Qxa2 34.Qd6+ Ke8
35.Bg6+ Kd8 36.Qb8+ Ke7 37.Qxe5+ Kd8 38.Qf6+ Kc8 39.h4 Qa1+ 40.Kg2 Qd1 41.Qf8+
Kc7 42.Qf4+ Kd8 43.Qf8+ Kc7 44.Qd6+ Qxd6 45.cxd6+ Kxd6 46.h5 Ke5 47.h6 Kf6
48.Bd3 a5 49.Kf3 b5 50.g4 Bxg4+ 51.Kxg4 a4 52.Bc2 c5 53.Kf4 c4 54.Ke3 b4
55.Bxa4 c3 56.b3 {#r} 1-0

[Event "It (open) (seniors)"]
[Site "masterchessopen.com Triesen (Liechtenstein)"]
[Date "2008.04.26"]
[Round "2"]
[White "Pribyl Josef (CZE)"]
[Black "Buechele Walter (AUT)"]
[Result "1-0"]
[WhiteElo "2343"]
[BlackElo "1976"]

1.Nf3 Nf6 2.d4 d5 3.g3 g6 4.c4 c6 5.Bg2 Bg7 6.O-O O-O 7.Nbd2 Re8 8.b3 Nbd7
9.Bb2 Nh5 10.e4 dxe4 11.Nxe4 Qc7 12.Re1 c5 13.Qd2 cxd4 14.Bxd4 e5 15.Bc3 Nf8
16.Qd6 Qxd6 17.Nxd6 Re7 18.Bxe5 Be6 19.Bxg7 Kxg7 20.Ng5 Rb8 21.Ndxf7 h6
22.Nxe6+ Kxf7 23.Nxf8 {#r} 1-0

[Event "Ch Hamburg (open)"]
[Site "masterchessopen.com Hamburg (Germany)"]
[Date "2008.05.17"]
[Round "9"]
[White "Mueller Joerg (GER)"]
[Black "Schmidt-Brauns Rainer (GER)"]
[Result "0-1"]
[WhiteElo "2098"]
[BlackElo "2036"]

1.g3 Nf6 2.Bg2 d5 3.Nf3 g6 4.O-O Bg7 5.d4 O-O 6.Nbd2 c6 7.c4 Bf5 8.Nh4 Be6
9.cxd5 cxd5 10.Nb3 Nc6 11.Nc5 Bc8 12.h3 b6 13.Nb3 e6 14.e3 Ba6 15.Re1 Rc8
16.a3 Qe7 17.Nf3 Ne4 18.Nbd2 f5 19.h4 h6 20.Bf1 Bxf1 21.Rxf1 g5 22.Kg2 g4
23.Ne1 e5 24.Nxe4 dxe4 25.Bd2 Rfd8 26.dxe5 Nxe5 27.Qb3+ Qf7 28.Qxf7+ Kxf7
29.Bc3 Nc4 30.Bxg7 Kxg7 31.Nc2 Rd2 32.Rfc1 Nxb2 33.Nd4 Rxf2+ 34.Kg1 Rxc1+
35.Rxc1 Nd3 36.Rc7+ Kf6 37.Rc6+ Kg7 38.Rc7+ Kf6 39.Rxa7 Rb2 40.Rc7 Ne5 41.Kf1
Ra2 42.Rh7 Kg6 43.Rb7 Nc4 44.Kg1 Rxa3 45.Ne6 Kf6 46.Nf4 Rb3 47.Rh7 Nxe3
48.Rxh6+ Ke5 49.Re6+ Kd4 50.h5 Rb1+ 51.Kf2 Nc4 52.Re7 e3+ 53.Ke2 Rb2+ 54.Ke1
Rh2 55.Ne2+ Kc5 56.Nf4 b5 57.Rf7 Nd6 58.Rf6 Ne4 59.Rxf5+ Kc4 60.Re5 Rh1+
61.Ke2 Nxg3+ 62.Kxe3 Re1+ 63.Kf2 Rxe5 64.Kxg3 Rg5 65.h6 Rg8 66.Kh4 g3 67.Ng2
b4 68.Kh5 b3 69.h7 Rh8 {#R} 0-1

[Event "It (open) (b)"]
[Site "masterchessopen.com Zagreb (Croatia)"]
[Date "2008.05.17"]
[Round "7"]
[White "Sribar Petar (CRO)"]
[Black "Miletic Josip (CRO)"]
[Result "0-1"]
[WhiteElo "2218"]
[BlackElo "2263"]

1.d4 Nf6 2.c4 c6 3.Nf3 d5 4.Nbd2 g6 5.g3 Bg7 6.Bg2 O-O 7.O-O h6 8.b3 Ne4 9.Bb2
f5 10.Rc1 e6 11.Nxe4 fxe4 12.Ne5 g5 13.f3 exf3 14.Bxf3 Nd7 15.cxd5 Nxe5
16.dxe5 exd5 17.e4 dxe4 18.Bxe4 Qxd1 19.Rcxd1 Rxf1+ 20.Rxf1 Bh3 21.Bg2 Bxg2
22.Kxg2 Rd8 23.Rf2 Rd5 24.e6 Bf8 25.Bf6 Bc5 26.Rf1 g4 27.e7 Rd2+ 28.Kh1 Re2
29.Bg5 Bxe7 30.Bxh6 Bc5 31.b4 Bd4 32.a4 b6 33.Rd1 c5 34.bxc5 bxc5 35.Bd2 Kf7
36.a5 a6 37.Bf4 Ke6 38.h4 gxh3 39.g4 Re4 40.Rf1 c4 41.g5 c3 42.Bc1 Re2 43.Ba3
Rg2 44.Rd1 Kd5 45.Rd3 Rxg5 46.Rxh3 c2 47.Rh6 Rg1+ 48.Kh2 Ra1 {#R} 0-1

[Event "It (open)"]
[Site "masterchessopen.com Porto Mannu (Italy)"]
[Date "2008.05.21"]
[Round "6"]
[White "Venturino Marco (ITA)"]
[Black "Graziani Roberto (ITA)"]
[Result "1-0"]
[WhiteElo "2139"]
[BlackElo "1761"]

1.d4 Nf6 2.c4 g6 3.g3 c6 4.Bg2 d5 5.Nf3 Bg7 6.O-O O-O 7.Nbd2 e6 8.b3 b5 9.Re1
Ne4 10.e3 f5 11.Ne5 a5 12.f3 Nxd2 13.Bxd2 Bb7 14.Bf1 Nd7 15.f4 Nxe5 16.fxe5
Qb6 17.Rc1 Rfc8 18.Qe2 Ba6 19.c5 Qd8 20.Qg2 Bb7 21.Bd3 Rc7 22.Kh1 Rf7 23.Qh3
b4 24.g4 fxg4 25.Qxg4 Bc8 26.Rf1 Raa7 27.h4 Kh8 28.h5 Bh6 29.hxg6 hxg6 30.Bxg6
Rh7 31.Bxh7 Rxh7 32.Rf3 Qg5 33.Qxg5 Bxg5+ 34.Kg2 Bd7 35.Rcf1 Rg7 36.Rg3 Be8
37.Rf8+ {#r} 1-0

[Event "Ch Germany (juniors) (Internet) (under 25) (final)"]
[Site "masterchessopen.com Internet"]
[Date "2008.06.15"]
[Round "4"]
[White "Meier Georg (GER)"]
[Black "Reuber Artur (GER)"]
[Result "1-0"]
[WhiteElo "2558"]
[BlackElo "2118"]

1.Nf3 d5 2.g3 c6 3.Bg2 g6 4.O-O Bg7 5.d4 Nf6 6.Nbd2 O-O 7.c4 Bg4 8.b3 Bxf3
9.Bxf3 Nbd7 10.Bb2 e6 11.e3 Qe7 12.Qe2 Rfe8 13.Rac1 h5 14.Bg2 Rad8 15.Rfd1 a6
16.h3 Nh7 17.e4 dxe4 18.Nxe4 Ndf6 19.Nc5 Rb8 20.Bc3 Nd7 21.Nd3 Qd8 22.Ne5 Nhf8
23.Rd3 Qc7 24.Rcd1 Nxe5 25.dxe5 Rbd8 26.Rd6 Rd7 27.c5 Red8 28.Qd2 Rxd6 29.cxd6
Qd7 30.f4 Rc8 31.Qd4 c5 32.Qe4 Rc6 33.Qa4 Rb6 34.Qc4 Qc8 35.a4 Nd7 36.h4 Bf8
37.Kf2 Kh7 38.b4 Kg8 39.Kg1 Rc6 40.Bxc6 Qxc6 41.bxc5 Qf3 42.Qd3 Qg4 43.Bd4 Bh6
44.Rf1 Qh3 45.Qf3 Bf8 46.Bf2 g5 47.hxg5 h4 48.Qg2 Qf5 49.Kh2 Nb8 50.Qxb7 hxg3+
51.Bxg3 Qc2+ 52.Rf2 Qh7+ 53.Kg2 Nd7 54.Qxd7 Qe4+ 55.Rf3 Qe2+ 56.Bf2 Qe4 57.Qc8
Qf5 58.Qa8 Qg4+ 59.Bg3 Kh7 60.Qe4+ Kg8 61.Qd3 Bg7 62.c6 Bxe5 63.fxe5 Qxg5
64.c7 Qg6 65.c8=Q+ Kg7 66.Qxg6+ fxg6 67.Qf8+ Kh7 68.Rf7# 1-0

[Event "It (open)"]
[Site "masterchessopen.com Teplice (Czech Republic)"]
[Date "2008.06.16"]
[Round "3"]
[White "Cedikova Katerina (CZE)"]
[Black "Bilek Bernard (CZE)"]
[Result "1-0"]
[WhiteElo "2141"]
[BlackElo "1869"]

1.d4 Nf6 2.g3 g6 3.Bg2 Bg7 4.Nf3 O-O 5.O-O c6 6.c4 d5 7.Nbd2 Re8 8.b3 Bf5
9.Bb2 Na6 10.Nh4 Qd7 11.Nxf5 Qxf5 12.f3 Bh6 13.e4 dxe4 14.fxe4 Qg5 15.Nf3 Qe3+
16.Kh1 Nxe4 17.Bc1 Nf2+ 18.Rxf2 Qxf2 19.Bxh6 c5 20.Qd3 cxd4 21.Rf1 Nc5 22.Qb1
Qe2 23.Nxd4 Qe5 24.Nf3 Qh5 25.Be3 Rac8 26.h3 Nd7 27.g4 Qa5 28.Qb2 e5 29.Ng5
Re7 30.Bd5 Rf8 31.Ne4 Nb6 32.Nf6+ Kh8 33.Qf2 Nxd5 34.Nxd5 Re6 35.Bh6 Ree8
36.Qf6+ {#r} 1-0

[Event "It (open)"]
[Site "masterchessopen.com Ourense (Spain)"]
[Date "2008.07.03"]
[Round "1"]
[White "Carril Garcia Luis (ESP)"]
[Black "Villar Fernandez Jairo (ESP)"]
[Result "1-0"]
[WhiteElo "2012"]
[BlackElo "1634"]

1.d4 Nf6 2.c4 g6 3.g3 Bg7 4.Bg2 O-O 5.Nf3 c6 6.O-O d5 7.Nbd2 Nbd7 8.Qc2 dxc4
9.Nxc4 Nb6 10.Ncd2 Ne8 11.b3 Bxd4 12.Nxd4 Qxd4 13.Bb2 Qd6 14.Rad1 Qe6 15.Ne4
Nd6 16.Rxd6 exd6 17.Nf6+ Kg7 18.Qc3 Qe5 19.Qd2 Qe6 20.Nh5+ {#r} 1-0

[Event "Ch Slovenia (qual)"]
[Site "masterchessopen.com Sentjur (Slovenia)"]
[Date "2008.07.03"]
[Round "1"]
[White "Spelec Darko (SLO)"]
[Black "Zoric Darko (SLO)"]
[Result "1-0"]
[WhiteElo "1960"]
[BlackElo "1761"]

1.d4 d5 2.Nf3 Nf6 3.c4 c6 4.g3 g6 5.Bg2 Bg7 6.O-O O-O 7.Nbd2 Nbd7 8.Qc2 b6
9.e4 dxe4 10.Nxe4 Bb7 11.Rd1 Nxe4 12.Qxe4 Nf6 13.Qc2 Nh5 14.b3 Qc7 15.Bb2 c5
16.d5 Rad8 17.Re1 Bxb2 18.Qxb2 f6 19.Qe2 Rf7 20.Nd2 Ng7 21.Ne4 Ne8 22.Nc3 Nd6
23.a4 a5 24.Bh3 Bc8 25.Be6 Bxe6 26.dxe6 Rg7 27.Nd5 Qb7 28.Rad1 Qb8 29.g4 Rf8
30.Qd2 g5 31.Nxe7+ Rxe7 32.Qxd6 Qxd6 33.Rxd6 Rb8 34.Kg2 Kg7 35.Kf3 h6 36.Ke4
Rbe8 37.Kd5 Rb8 38.Re3 Kf8 39.Kc6 Rh7 {#r} 1-0

[Event "Ch Greece (team)"]
[Site "masterchessopen.com Kallithea (Greece)"]
[Date "2008.07.07"]
[Round "3"]
[White "Vragoteris Antonios (GRE)"]
[Black "Ignatiadis Konstantinos (GRE)"]
[Result "1-0"]
[WhiteElo "2267"]
[BlackElo "2216"]

1.d4 d5 2.c4 c6 3.Nf3 Nf6 4.Nbd2 g6 5.g3 Bg7 6.Bg2 O-O 7.O-O Na6 8.cxd5 Nxd5
9.e4 Nf6 10.Qc2 Bg4 11.h3 Bxf3 12.Nxf3 Rc8 13.Be3 e6 14.Rfd1 Qa5 15.a3 c5
16.dxc5 Nxc5 17.Rac1 Ncd7 18.Qxc8 Rxc8 19.Rxc8+ Bf8 20.Bh6 Qb5 21.Rd2 {#r} 1-0